000 02826cam a22011894i 4500
003 PE-LiUPU
005 20250813185646.0
008 150616s r 000 0 d
020 _a8427711425
035 _a(Sirsi) i9788427711426
040 _aPE-LiUPU
_bspa
_cPE-LiUPU
_erda
049 _aPRUA
082 0 4 _a371.102
_bA296n
_223
100 1 _aAinscow, Mel,
_eautor.
245 _aNecesidades especiales en el aula:
_bGuía para la formación del profesorado /
_cMel Ainscow.
264 1 _aMadrid :
_bEdiciones Narcea,
_c1994.
300 _a205 páginas :
_bilustraciones ;
_c24 centímetros.
336 _atext
_2rdacontent
337 _aunmediated
_2rdamedia
338 _avolume
_2rdacarrier
490 0 _a(Educación Hoy. Estudios)
504 _aIncluye bibliografía.
505 0 _aReconsideración de las necesidades especiales.- La mejora de la escuela mediante el perfeccionamiento del maestro.- Preparación del conjunto de materiales educativos.- Contenido del conjunto de materiales.- Perfeccionamiento del personal docente.- La formación de los estudiantes de magisterio.
526 _aP202
526 _aP201
526 _aP163
526 _aP162
526 _aP161
526 _aP160
526 _aP148
526 _aP147
526 _aP146
526 _aP145
526 _aP144
526 _aP143
526 _aP142
526 _aP141
526 _aP140
526 _aP139
526 _aP138
526 _aP137
526 _aP136
526 _aP135
526 _aP134
526 _aP133
526 _aP129
526 _aP128
526 _aP127
526 _aP120
526 _aP119
526 _aP118
526 _aP116
526 _aP115
526 _aP114
526 _aP110
526 _aP109
526 _aP108
526 _aP104
526 _aP103
526 _aP102
526 _aP99
526 _aP98
526 _aP97
526 _aP96
526 _aP95
526 _aP93
526 _aP90
526 _aP89
526 _aP88
526 _aP83
526 _aP82
526 _aP62
526 _aP59
526 _aP58
526 _aP57
526 _aP51
526 _aP49
526 _aP48
526 _aP47
526 _aP29
526 _aP24
526 _aP20
526 _aP19
526 _aP17
526 _aP15
526 _aP14
526 _aP12
526 _aP10
526 _aP09
526 _aP08
526 _aP07
526 _aP06
526 _aP05
526 _aP04
526 _aP01
650 0 _aFormación profesional de maestros
_91839
650 0 _aPersonal docente
_91882
910 _ajck
942 _2ddc
_cBK
_n0
980 _81
_gALBERTO SANCHEZ Responsable de Automatización
999 _c59790
_d59790